000 00330nam a2200121Ia 4500
008 191206s9999 xx 000 0 und d
090 _aKF6368.L4
245 2 _aA student's approach to Income tax
250 _a2008 ed.
260 _abutterworths
260 _cc2008
999 _c15381
_d15381